Loading...
| Any History | 0 | 4 | 0 | 0 | 40 | 50 | 102.00 | 0 | 1 |
| Science - Biology | 0 | 4 | 0 | 0 | 40 | 29 | 78.25 | 1 | 2 |
| Social Science | 0 | 3 | 0 | 1 | 30 | 102 | 122.00 | 0 | 0 |
| Current Events | 0 | 3 | 0 | 1 | 30 | 107 | 123.67 | 0 | 0 |
| History - American History | 0 | 3 | 1 | 1 | 25 | 124 | 131.67 | 0 | 0 |
| Science - Other Science | 0 | 3 | 1 | 2 | 25 | 68 | 110.33 | 0 | 1 |
| Other Academic | 0 | 1 | 0 | 0 | 10 | 129 | 129.00 | 0 | 0 |
| History - World History | 0 | 1 | 0 | 0 | 10 | 78 | 78.00 | 0 | 0 |
| Literature - European Literature | 0 | 1 | 0 | 1 | 10 | 145 | 145.00 | 0 | 0 |
| Science - Chemistry | 0 | 1 | 0 | 0 | 10 | 64 | 64.00 | 0 | 1 |
| Science - Physics | 0 | 1 | 0 | 0 | 10 | 109 | 109.00 | 0 | 0 |
| Literature - American Literature | 0 | 0 | 0 | 0 | 0 | 0.00 | 0 | 0 | |
| Religion | 0 | 0 | 1 | 0 | -5 | 0.00 | 0 | 0 | |
| History - European History | 0 | 0 | 1 | 0 | -5 | 0.00 | 0 | 0 |